000 00520nam a2200193Ia 4500
003 IIN
005 20240104154651.0
008 231217s9999 xx 000 0 und d
020 _cRs.895.00
_a9789352500024
040 _aIIN
_bEnglish
082 _a572.3
_bNAY
100 1 _aNayak, Shivananda
245 _aEssentials of Biochemistry
_bfor Medical Students /
_cShivananda Nayak
250 _a3rd ed
260 _bJaypee
_aNew Delhi
_c2016
300 _axxix, 484 p.
650 1 _aBiochemistry
_vNursing
942 _cBOOK
999 _c290
_d290